|
|
|
|
| LEADER |
01387nam a2200289 a 4500 |
| 001 |
563310 |
| 008 |
111228s1990 ilua 001 0 eng d |
| 010 |
|
|
|a 89010738
|
| 020 |
|
|
|a 0673385760
|
| 040 |
|
|
|a DLC
|c DLC
|d DLC
|d BD-DhAAL
|
| 082 |
0 |
0 |
|a 512/.13
|2 20
|
| 100 |
1 |
|
|a Lial, Margaret L.
|
| 245 |
1 |
0 |
|a Algebra and trigonometry /
|c Margaret L. Lial, Charles D. Miller, David I. Schneider.
|
| 250 |
|
|
|a 5th ed.
|
| 260 |
|
|
|a Glenview, Ill. :
|b Scott, Foresman/Little, Brown Higher Education,
|c c1990.
|
| 300 |
|
|
|a xv, 735 p. :
|b ill. (some col.) ;
|c 24 cm.
|
| 500 |
|
|
|a Includes index.
|
| 541 |
1 |
|
|e 00024135
|
| 650 |
|
0 |
|a Algebra.
|
| 650 |
|
0 |
|a Trigonometry.
|
| 700 |
1 |
|
|a Miller, Charles David,
|d 1942-
|
| 700 |
1 |
|
|a Schneider, David I.
|
| 852 |
1 |
|
|a Ayesha Abed Library
|j General shelf
|
| 999 |
|
|
|c 11708
|d 11708
|
| 952 |
|
|
|0 0
|1 0
|4 0
|6 512_130000000000000_LIA
|7 0
|9 19038
|a BRACUL
|b BRACUL
|c GEN
|d 2011-12-29
|e Development Book Agency
|g 4400.00
|l 48
|m 275
|o 512.13 LIA
|p 3010024135
|q 2026-06-02
|r 2026-05-07
|s 2026-05-07
|t 1
|w 2011-12-29
|y BK
|
| 952 |
|
|
|0 0
|1 0
|2 ddc
|4 0
|6 512_000000000000000__13_LIA
|7 0
|9 20453
|a BRACUL
|b BRACUL
|c GEN
|d 2012-06-11
|g 4400.00
|l 40
|m 260
|o 512.13 LIA
|p 3010025393
|r 2026-05-13
|s 2026-02-17
|t 2
|w 2012-06-11
|y BK
|
| 952 |
|
|
|0 0
|1 0
|2 ddc
|4 0
|6 512_130000000000000_LIA
|7 0
|9 20454
|a BRACUL
|b BRACUL
|c GEN
|d 2012-06-11
|l 24
|m 116
|o 512.13 LIA
|p 3010025394
|q 2026-01-05
|r 2025-12-29
|s 2025-12-29
|t 3
|w 2012-06-11
|y BK
|